Tercer Congreso Mundial de la Sociedad Internacional de Psicología del Deporte: Trabajos científicos
Guardat en:
| Format: | Llibre |
|---|---|
| Idioma: | anglès espanyol |
| Publicat: |
Madrid
Instituto Nacional de Educación Física
1976
|
| Matèries: | |
| Etiquetes: |
Afegir etiqueta
Sense etiquetes, Sigues el primer a etiquetar aquest registre!
|
MARC
| LEADER | 00000nam a2200000 a 4500 | ||
|---|---|---|---|
| 001 | UCY7718 | ||
| 003 | CL-VaPUC | ||
| 005 | 20241211115350.0 | ||
| 008 | 950616e19760000sp 1 eng d | ||
| 041 | 0 | 7 | |a eng |2 CL-VaPUC |
| 041 | 0 | 7 | |a spa |2 CL-VaPUC |
| 082 | 0 | 4 | |a 790.013 |b TER |2 21 |
| 245 | 1 | 0 | |a Tercer Congreso Mundial de la Sociedad Internacional de Psicología del Deporte: Trabajos científicos |
| 260 | |a Madrid |b Instituto Nacional de Educación Física |c 1976 | ||
| 300 | |a v | ||
| 583 | |a last modification |c 19950616 00:00:00 |k Rodrigo Vera | ||
| 650 | 0 | 7 | |a DEPORTE |2 CL-VaPUC |9 617262 |
| 650 | 0 | 0 | |a Psicología aplicada |9 270762 |
| 650 | 0 | 0 | |a Educación física |9 240893 |
| 650 | 0 | 0 | |a Patología |9 335879 |
| 650 | 0 | 0 | |a Fútbol |9 307513 |
| 650 | 0 | 0 | |a Vida social |9 337244 |
| 650 | 0 | 0 | |a Agresividad |9 257862 |
| 650 | 0 | 0 | |a Investigación científica |9 259857 |
| 650 | 0 | 0 | |a Congresos |9 257560 |
| 942 | |c BK | ||
| 945 | |a cmena |d 19950616 00:00:00 | ||
| 546 | |a En Inglés | ||
| 546 | |a En Español | ||
| 518 | |p Congreso Mundial de la Sociedad Internacional de Psicología del Deporte, 3, Madrid, 25-29 de junio de 1973 | ||
| 999 | |c 382400 |d 382398 | ||
| 952 | |0 0 |1 0 |4 0 |6 790_013000000000000_TER_1976 |7 0 |8 P |9 504073 |a BIBEDU |b BIBEDU |c BIBEDU_PB |d 2020-01-23 |h v.1 |i 1521292 |o 790.013 TER 1976 |p 1521292 |r 2024-01-25 |w 2020-01-23 |y BK |k EDU | ||
| 952 | |0 0 |1 0 |4 0 |6 790_013000000000000_TER_1976 |7 0 |8 P |9 504074 |a BIBEDU |b BIBEDU |c BIBEDU_PB |d 2020-01-23 |h v.2 |i 1521306 |o 790.013 TER 1976 |p 1521306 |r 2024-01-25 |w 2020-01-23 |y BK |k EDU | ||